Almanach những địa danh du lịch nổi tiếng trên thế giới

Сохранить в:
Библиографические подробности
Главный автор: Trần, Mạnh Thường (Biên soạn)
Формат:
Опубликовано: Hà Nội Văn hóa thông tin 2008
Предметы:
Метки: Добавить метку
Нет меток, Требуется 1-ая метка записи!
Thư viện lưu trữ: Trung tâm Học liệu Lê Vũ Hùng, Trường Đại học Đồng Tháp
LEADER 00886aam a22003258a 4500
001 00036057
005 20171026081025.0
008 170116s2008 ||||||Viesd
020 # # |c 150000 
041 0 # |a Vie 
082 1 4 |a 910.2  |b A316NH 
100 1 # |a Trần, Mạnh Thường  |e Biên soạn 
245 1 0 |a Almanach những địa danh du lịch nổi tiếng trên thế giới  |c Trần Mạnh Thường 
260 # # |a Hà Nội  |b Văn hóa thông tin  |c 2008 
300 # # |a 618tr.  |c 23cm. 
653 # # |a du lịch 
653 # # |a Địa danh 
653 # # |a Thế giới 
852 # # |b Kho đọc  |j KD.0019485 
852 # # |j KD.0019485 
910 |d 16/01/2017 
980 # # |a Trung tâm Học liệu Lê Vũ Hùng, Trường Đại học Đồng Tháp